|
|
|
|
| LEADER |
00000naa0a2200000 4500 |
| 001 |
594800 |
| 005 |
20250217163850.0 |
| 035 |
|
|
|a (RuTPU)RU\TPU\tpu\11831
|
| 090 |
|
|
|a 594800
|
| 100 |
|
|
|a 20040312d1976 k y0rusy50 ca
|
| 101 |
0 |
|
|a rus
|
| 102 |
|
|
|a RU
|
| 200 |
1 |
|
|a Определение напряженного состояния в зоне резания методом характеристик
|f Б. М. Шлякман, М. Г. Гольдшмидт
|
| 463 |
|
|
|t Прочность, пластичность и контактное взаимодействие твердых тел
|v С. 56-58
|d 1976
|
| 610 |
1 |
|
|a напряженное состояние
|
| 610 |
1 |
|
|a резание
|
| 610 |
1 |
|
|a метод характеристик
|
| 610 |
1 |
|
|a труды учёных ТПУ
|
| 700 |
|
1 |
|a Шлякман
|b Б. М.
|
| 701 |
|
1 |
|a Гольдшмидт
|b М. Г.
|
| 801 |
|
1 |
|a RU
|b 63413507
|c 20040312
|g PSBO
|
| 801 |
|
2 |
|a RU
|b 63413507
|c 20100406
|g RCR
|
| 942 |
|
|
|c BK
|